Zabezpieczenie zdrowotne w wybranych krajach Unii Europejskiej

Saved in:
Bibliographic Details
Main Author: Rutkowska-Podołowska, Małgorzata
Format: Book Chapter
Language:Polish
Subjects:
Tags: Add Tag
No Tags, Be the first to tag this record!

MARC

LEADER 00000naa a2200000 4500
001 0151378
005 20220712130203.9
041 0 |a pol 
044 |a PL 
245 1 0 |a Zabezpieczenie zdrowotne w wybranych krajach Unii Europejskiej  |c Małgorzata Rutkowska-Podołowska 
610 2 0 |a starostlivosť zdravotná 
610 2 0 |a zdravotníctvo 
610 2 0 |a Európska únia 
100 1 |a Rutkowska-Podołowska, Małgorzata